LEADER 01205nam a2200265 a 4500 001 000000151731 003 CaOOAMICUS 005 20160513114513.0 008 160513s1977 it d u000 u ita r 032 $aLibriCat 040 $aPUL$bita 100 1 $aDemetrio, Duccio.$0(OLS)http://pul/name/52928 245 13$aLe scuole dell'alfabeto :$btrent'anni di lotte all'analfabetismo in Italia (1947-1977) /$cDuccio Demetrio. 260 $aRimini ;$aFirenze :$bGuaraldi,$c©1977. 300 $a230 p. :$bgrafici ;$c19 cm. 490 1 $aLe frontiere dell'educazione ;$v50 650 4$aAnalfabeti e analfabetismo.$0(OLS)http://pul/subject/21876 650 4$aScuola$zItalia.$0(OLS)http://pul/subject/9153 830 3$aLe frontiere dell'educazione ;$v50.$0(OLS)http://pul/title/94716 850 $aPUL 852 $aPUL$W1$xDP1 Cons. Gen., Altre Classi 1$y22$m846 A 6$j174360$qStampati$B176937$CPULBib$Z2$F176937 $H64490 $81 941 1 $a8 996 $6245$aLe scuole dell'alfabeto :$btrent'anni di lotte all'analfabetismo in Italia (1947-1977)$9(OLS)http://pul/title/191022 996 $6260$aRimini ;$aFirenze :$bGuaraldi$9(OLS)http://pul/publisher/72485 LEADER 01230nam a2200253 u 4500 001 000000087605 003 CaOOAMICUS 005 20070226124426.0 008 051017s1960 sp u000 u spa u 035 $a11064175 040 $aPUL(R)$bita 100 1 $aCaballero Cuesta, José María.$0(OLS)http://pul/name/53998 245 10$aAnalisis y ambientacion de los textos de Jeremias relativos a la reatauracion de Israel /$cpor José Ma. Caballero Cuesta. 260 $aBurgos :$bAldecoa,$c1960. 300 $a64 p. ;$c26 cm 500 $aIn testa al front.: "Publicaciones de la Facultad Teol{dbldotb}gica del Norte de España". 630 04$aBiblia.$pV.T.$pIeremias.$0(OLS)http://pul/subject/7181 850 $aPUL 852 $aPUL$W1$xDP1 Fondo Pastorale$y55$mP1 E 29$j111039$nBK-PRI$b $qFondi$B111039$CPULBib$Z2$F111039 $HPUL2428 $81 852 $aPUL$W1$xDP1 Tesi Varie$y51$mTH VAR 137$j189858$qTesi$B192891$CPULBib$Z2$F192891 $81 941 1 $a1 960 $aBibbia.$aV. T.$aGeremia$97181 996 $6245$aAnalisis y ambientacion de los textos de Jeremias relativos a la reatauracion de Israel$9(OLS)http://pul/title/113340 996 $6260$aBurgos :$bAldecoa$9(OLS)http://pul/publisher/52528 LEADER 01572nam a2200373 a 4500 001 000000173987 003 CaOOAMICUS 005 20201124102642.0 008 201124s2020 it 001 u ita r 020 $a978-88-28-82116-8* 032 $aLibriCat 040 $aPUL$bita 082 $a345.4505 110 1 $aItalia.$0(OLS)http://pul/name/1188 240 10$aCodice di procedura penale (2020).$0(OLS)http://pul/title/215210 245 10$aCodice di procedura penale :$bannotato con la giurisprudenza /$cGiorgio Lattanzi. 250 $a16a ed. 260 $aMilano :$bGiuffrè Francis Lefebvre,$c©2020. 300 $aXLII, 2975 p. ;$c25 cm 490 1 $aPercorsi 500 $aTesto su due colonne. 500 $aCompende indici. 610 14$aItalia.$tCodice di procedura penale.$0(OLS)http://pul/subject/46346 650 4$aProcedura penale$zItalia.$0(OLS)http://pul/subject/12686 700 1 $aLattanzi, Giorgio.$0(OLS)http://pul/name/51063 830 0$aPercorsi (Giuffrè).$0(OLS)http://pul/title/132978 850 $aPUL 852 $aPUL$W1$xSL Diritto e Scienze Sociali 3$y79$m348. 45 COD 5.56$j198164$qDDC 21$B202824$CPULBib$Z2$F202824 $H134517 $82 941 1 $a9 996 $6020$a978-88-28-82116-8*$9(OLS)http://pul/number/167868 996 $6082$a345.4505$9(OLS)http://pul/classification/385 996 $6245$aCodice di procedura penale :$bannotato con la giurisprudenza$9(OLS)http://pul/title/89470 996 $6260$aMilano :$bGiuffrè Francis Lefebvre$9(OLS)http://pul/publisher/86917